000 00656nam a22002297a 4500
999 _c5884
_d5884
003 AR-CdUCM
008 190313b ||||| |||| 00| 0 spa d
040 _aMUNICIPALIDAD PROVINCIAL DEL CUSCO
_cBIBLIOTECA MUNICIPAL DEL CUSCO
082 _a869.56 /
_bC13
100 _aCabel, Jesus
_96084
245 _aAncash - 31 /
260 _aLima :
_bJuan Mejia Baca,
_c1976.
300 _a74 paginas ;
_c21cm.
500 _aPoesias Ancashinas
650 _aPoesias Peruanas
_917282
650 _aSiglo XX
_98
650 _aLiteratura
_983
650 _aRomanticismo
_9518
700 _aIzquiero Lopez, Francisco
_917356
942 _2ddc
_cLIBROS
945 _apjha